Fizika pochvy.

Guardado en:
Autor Principal: Kachinskii, Nikodim Antonovich, 1894-
Formato: Libro
Idioma:Russian
Publicado: 1965-
Materias:
Etiquetas: Agregar Etiqueta
Sin Etiquetas, Sea el primero en etiquetar este registro!
LEADER 00494cam a2200181ua 4500
001 EEA.libagro010549
008 820625m19659999xx#a##########000#0#ruso#
005 20191209114355.0
245 1 0 |a Fizika pochvy. 
260 |c 1965- 
300 |a 305 p. :  |b il. ;  |c 18 cm. 
100 1 |a Kachinskii, Nikodim Antonovich,  |d 1894- 
082 0 4 |a 631.43 
650 0 |a Soil physics. 
010 |a  66081104  
040 |a DLC  |c CarP  |d DLC 
050 0 0 |a S591  |b .K242 
859 |a AR-BbBCA  |b BIB. AGRONOMIA  |h 631.43  |i K11-1  |p 1969/0001